| 000 | 00518nam a2200181Ia 4500 | ||
|---|---|---|---|
| 003 | GCL | ||
| 008 | 140319s9999 xx 000 0 eng d | ||
| 040 |
_aGCL / _cGCL |
||
| 082 | 0 | 4 |
_a725.51 _bM H |
| 100 | 1 | _aMILLER, RICHARD L. | |
| 245 | 1 | 0 |
_aNEW DIRECTIONS IN HOSPITAL AND HEALTHCARE FACILITY DESIGN / _cMILLER, RICHARD L. |
| 260 |
_a[S.N] : _bMC GRAW - HILL ، _c1995 |
||
| 300 | _a331 | ||
| 650 | 0 | 4 | _aDESIGN - CONSTRUCTION |
| 650 | 0 | 4 | _aHOSPITALS |
| 650 | 0 | 4 | _aHOSPITALS DESIGN AND CONSTRUCT |
| 942 |
_2ddc _cBK |
||
| 999 |
_c24847 _d24847 |
||